LEADER 01453nam a2200265 i 4500 001 000000027928 003 CaOOAMICUS 005 20230518121434.0 008 180830s1753 it u000 u lat u 040 $aSeMil$bita 100 1 $aRoncaglia, Costantino,$d<1677-1737>.$0(OLS)http://semarc/name/7562 245 10$aUniversa moralis theologia, qua non solum principia speculativa sed etiam regulae practicae. Ad usum confessariorum explicantur authore Constantino Roncaglia ... Tomus 1. [-2.]. 246 0 $aRoncaglia Moralis theologia universa 260 $aVenetiis :$bTypis Francisci Pitteri,$c1753. 300 $a2 v. ;$cfol. 500 $aMarca: Fortuna su un globo che spiega vela al vento (Repertorio consultato: Marques d'impressors, catalogo online, Univ. di Barcellona) 500 $aLegati insieme i 2 vol. 650 4$aTeologia morale.$0(OLS)http://semarc/subject/91 700 1 $aPitteri, Francesco,$c.$0(OLS)http://semarc/name/2852 774 0 $tTomus 1.$g1$w()51711 774 0 $tTomus 2.$g2$w()218153 996 $6245$aUniversa moralis theologia, qua non solum principia speculativa sed etiam regulae practicae. Ad usum confessariorum explicantur authore Constantino Roncaglia ... Tomus 1. [-2.]$9(OLS)http://semarc/title/37859 996 $6246$aRoncaglia Moralis theologia universa$9(OLS)http://semarc/title/37860 996 $6260$aVenetiis :$bTypis Francisci Pitteri$9(OLS)http://semarc/publisher/37528 LEADER 00778nam a2200205 i 4500 001 000000110007 003 CaOOAMICUS 005 20021119000000.0 008 021119n it u000 u ita u 013 $a82688 040 $aSeMil$bita 100 1 $aAriosto, Ludovico,$d<1474-1533>.$0(OLS)http://semarc/name/1232 245 10$aVolume 2. 490 0 $aBiblioteca Universale Rizzoli ;$v1839 773 0 $aAriosto, Ludovico <1474-1533>$tCommedie.$dMilano : Rizzoli, 1962.$w()7903 830 0$aBiblioteca Universale Rizzoli ;$v1839.$0(OLS)http://semarc/title/7348 850 $aSeMil 852 $aSeMil$W1$xVenegono$y1$m78 12 1839 *$j65931$B65931$CSeMilBibl$Z2$F73063 $81 961 $aRecupero: Biblioteca Seminario Liceale 996 $6245$aVolume 2$9(OLS)http://semarc/title/11564